[Event "Piestany Slovakia op-B"]
[Site "Piestany"]
[Date "2022.07.15"]
[Round "6"]
[White "Goncharenko, Anna"]
[Black "Visvader, Kristof"]
[Result "0-1"]
[WhiteElo "1000"]
[BlackElo "1614"]
[PlyCount "114"]
[EventDate "2022.07.11"]
[EventType "swiss"]
[EventRounds "9"]
[EventCountry "SVK"]
[SourceTitle "CBM 209 Extra"]
[Source "ChessBase"]
[SourceDate "2022.09.30"]
[SourceVersion "1"]
[SourceVersionDate "2022.09.30"]
[SourceQuality "1"]

1. e4 e5 2. Nf3 Nc6 3. Bb5 Nge7 4. 0-0 g6 5. c3 Bg7 6. Re1 0-0 7. Bc4 d6 8. d4 Bg4 9. d5 Nb8 10. h3 Bxf3 11. gxf3 Nd7 12. Kh2 f5 13. Be3 f4 14. Bc1 Nf6 15. Bb3 Kf7 16. c4 g5 17. Nc3 Ng6 18. Bc2 Rh8 19. Rh1 Qd7 20. Kg2 Nh4+ 21. Kf1 h5 22. Ke2 g4 23. hxg4 hxg4 24. fxg4 Nxg4 25. f3 Nf6 26. Ba4 Qe7 27. b4 Nh5 28. Kd3 Ng3 29. Rh2 Ng6 30. Rxh8 Rxh8 31. Bd2 Rh1 32. Be1 Nh4 33. Rc1 Qg5 34. Bd7 Ng2 35. Kd2 Rxe1 36. Qxe1 Nxe1 37. Rxe1 Qd8 38. Be6+ Kf8 39. Ne2 Nxe2 40. Rxe2 Qh4 41. Rg2 Qh1 42. Rf2 Bf6 43. Bg4 Bh4 44. Re2 Qb1 45. Kc3 Be1+ 46. Rxe1 Qxe1+ 47. Kb3 Qe3+ 48. Kc2 Qd4 49. Kb3 Qd3+ 50. Ka4 Qxc4 51. a3 b5+ 52. Ka5 Qd3 53. Bh5 Qxa3+ 54. Kxb5 Ke7 55. Bg4 Kd8 56. Kc6 Qxb4 57. Bc8 Qb6# 0-1